000 01317nam a2200409 i 4500
001 41843
003 KOSZ 005
005 20211214100504.0
008 011010s2001 pl f |000 0 pol d
020 _a8387150371
040 _cKOSZ 005
_aKOSZ 005
_dKOSZ 005/HR
041 1 _apol
_heng
046 _k2001
080 _a004.738.52
080 _a004.438
080 _a(07)
100 1 _aWyke, R. Allen
_eAutor
245 1 0 _aPHP funkcje /
_cR. Allen Wyke, Michael J. Walker, Robert M. Cox.
246 _iTyt. oryg.:
_aPHP developer's dictionary
260 _aWrocław :
_b"Robomatic",
_c2001.
300 _a634 s. :
_bil. ;
_c24 cm.
336 _2rdacontent
_aTekst
_btxt
337 _2rdamedia
_aBez urządzenia pośredniczącego
_bn
338 _2rdacarrier
_aWolumin
_bnc
380 _aKsiążki
380 _aPublikacje fachowe
388 _a2001-
500 _aTyt. oryg.: "PHP developer's dictionary" 2001.
504 _aBibliogr.
650 4 _aPHP (język programowania)
655 _aPodręcznik
658 _aInformatyka i technologie informacyjne
700 1 _aWalker, Michael J.
_eAutor
700 1 _aCox, Robert M.
_eAutor
856 _uhttp://koha.tu.koszalin.pl/cgi-bin/koha/opac-detail.pl?biblionumber=41843
_yKatalog online BPK
942 _cKS
_2UKD
999 _c41843
_d41843